000 00637nam a2200205 4500
008 b xx# ara u
010 _a54528
040 _aLB-BrCRDP
082 _a307.72/S252d
100 1 _aساسين، حنا
130 1 _lAR
245 1 0 _a. دار بعشتار
_cحنا ساسين
260 _aبيروت
_c2007
300 _a288 ص.:
_bخرائط، صور وجداول ؛
_c24 سم.
500 _aفهرس مصادر ومراجع في آخر الكتاب
650 _aدار بعشتار
650 _aالاجتماع الريفي
_xعلم
942 _cBK
999 _c15697
_d15697